000 00957nam a22002775i 4500
003 CO-BoRNBP
005 20241120175139.0
007 ta
008 240620s2022 ck gr 000 0 spa d
020 _a9789585228467
040 _aCO-BoUNC
_bspa
_erda
_cCO-BoUNC
041 _hspa
043 _as-ck---
082 _a861.5 T62a
_bT62a
245 0 0 _aTodos los lugares, toda la luz /
_cJaime Fernández Molano, Fernando Linero Montes, compiladores; Olga Malaver [y otros siete], autores.
250 _aPrimera edición
264 1 _aVillavicencio, Colombia.
_bCorporación cultural entreletras,
_c2022.
300 _a146 páginas ;
_c23 cm.
336 _atexto
_btxt
_2rdacontent
337 _asin mediación
_bn
_2rdamedia
338 _avolumen
_bnc
_2rdacarrier
650 _2LEMB
_aAntología poética
_916956
700 1 _aOrlando Peña Rodríguez
_eCoordinación
_943960
700 1 _aDiego Torres
_eDiseño y diagramación
_943961
942 _2ddc
_cBKLIT
999 _c38564
_d38564